000 00601nam a22002057a 4500
999 _c155400
_d155400
005 20181218122206.0
010 _aENG-123811
020 _a9789384061203
_c499.00
035 _aEN-107343
037 _bDBAD/PUB
082 _a332.6
100 _aSharma, Vivek
245 _aDecoding investment myths /
_cby Vivek Sharma
260 _aNew Delhi
_bTV 18 Broadcast Ltd.
_c2018
270 _a507, Prabhat Kiran, 17, Rajendra Place,
_bNew Delhi
_e110008
300 _a254p.
_c21cm. (Hb)
500 _aThe individual investors' guide
942 _2ddc
_cEN
_h332.6
_mSHA